Reglamento de los servicios del catastro urbano. (Record no. 125912)

MARC details
000 -LEADER
campo de control de longitud fija 00542nam a2200169 4500
001 - NÚMERO DE CONTROL
campo de control 125912
003 - IDENTIFICADOR DE NÚMERO DE CONTROL
campo de control ES-MaACL
005 - FECHA Y HORA DE LA ÚLTIMA TRANSACCIÓN
campo de control 20230906192723.0
007 - CAMPO FIJO DE DESCRIPCIÓN FÍSICA--INFORMACIÓN GENERAL
campo de control de longitud fija t|
008 - DATOS DE LONGITUD FIJA--INFORMACIÓN GENERAL
campo de control de longitud fija 070214s1928 sp r ||||1| spa d
245 00 - MENCIÓN DEL TÍTULO
Título Reglamento de los servicios del catastro urbano.
260 ## - PUBLICACIÓN, DISTRIBUCIÓN, ETC.
Lugar de publicación, distribución, etc. Madrid :
Nombre del editor, distribuidor, etc. Sucesores de Rivadeneyra,
Fecha de publicación, distribución, etc. 1928.
300 ## - DESCRIPCIÓN FÍSICA
Extensión 80 p. ;
Dimensiones 19 x 13 cm.
500 ## - NOTA GENERAL
Nota general Precede al tít.: Cámara Oficial de la Propiedad Urbana de Madrid.
710 2# - ENTRADA AGREGADA--NOMBRE DE ENTIDAD CORPORATIVA
Nombre de entidad corporativa o nombre de jurisdicción como elemento de entrada Cámara de la Propiedad Urbana de Madrid.
9 (RLIN) 2406
852 ## - LOCALIZACIÓN
Ubicación ES-MaACL
Número de control de estantería 1730-F-17
Holdings
Estatus retirado Estado de pérdida Estado de daño No para préstamo Colección Biblioteca de origen Biblioteca actual Ubicación en estantería Fecha de adquisición Fuente de adquisición Total de préstamos Signatura topográfica completa Código de barras Visto por última vez Precio de reemplazo Tipo de ítem Koha
        Colección de folletos Biblioteca del Ateneo de Madrid Biblioteca del Ateneo de Madrid Depósito folletos 17/01/2008     1730-F-17 1131158 23/02/2023 23/02/2023 Folleto